[Event "4NCL/Div2/BARY vs. CHEDP"]
[Site "Birmingham ENG"]
[Date "2007.11.11"]
[Round "4.1"]
[White "Dorrington, Christopher"]
[Black "Lamoureux, Charles"]
[Result "1/2-1/2"]
[WhiteElo "2240"]
[BlackElo "2360"]
[PlyCount "98"]
[EventDate "2007.11.11"]
[EventType "team"]
[EventRounds "11"]
[EventCountry "ENG"]
[SourceDate "2007.09.15"]

1. e4 c5 2. Nc3 e6 3. Nf3 a6 4. g3 b5 5. Bg2 Bb7 6. d3 Nc6 7. O-O d6 8. Ng5 h6
9. Nh3 b4 10. Ne2 e5 11. c3 a5 12. f4 Nf6 13. Nf2 Be7 14. d4 Ba6 15. d5 Nb8 16.
g4 Nbd7 17. Re1 exf4 18. Nxf4 Ne5 19. Bf1 Nfd7 20. Bxa6 Rxa6 21. Rf1 g6 22.
N2d3 c4 23. Nxe5 Nxe5 24. Be3 Bf6 25. Bd4 O-O 26. Qe2 Ra8 27. Ng2 bxc3 28. bxc3
Bg7 29. Rab1 Rb8 30. Ne3 Qe7 31. Nxc4 Nxc4 32. Bxg7 Kxg7 33. Qxc4 Rxb1 34. Rxb1
Qg5 35. Qe2 h5 36. h3 Re8 37. Qf3 hxg4 38. hxg4 Re7 39. Kg2 Qe5 40. Re1 Rc7 41.
Re3 Rb7 42. Re2 Rc7 43. Re3 Rc4 44. Qg3 Qg5 45. Kf2 Ra4 46. Re2 Ra3 47. Rc2 Ra4
48. Re2 Rc4 49. Re3 Ra4 1/2-1/2

[Event "4NCL/Div2/BARY vs. CHEDP"]
[Site "Birmingham ENG"]
[Date "2007.11.11"]
[Round "4.2"]
[White "Bellin, Robert"]
[Black "Coleman, David"]
[Result "1-0"]
[WhiteElo "2400"]
[BlackElo "2234"]
[Annotator "Armstrong,Malcolm"]
[PlyCount "67"]
[EventDate "2007.11.11"]
[EventType "team"]
[EventRounds "11"]
[EventCountry "ENG"]
[SourceDate "2007.09.15"]

1. Nf3 c5 2. e4 d6 3. c3 Nf6 4. Be2 Nbd7 5. d3 g6 6. O-O Bg7 7. Re1 O-O 8. Bf1
e5 9. Bg5 h6 10. Bh4 Qc7 11. a4 b6 12. d4 Bb7 13. dxe5 dxe5 14. Nbd2 Rad8 15.
Qc2 Nb8 16. Nc4 Nc6 17. Nfd2 Bc8 18. f3 Be6 19. Ne3 Rd7 20. Bc4 Bxc4 21. Ndxc4
Ne7 22. Rad1 Rfd8 23. Rxd7 Rxd7 24. Rd1 Rxd1+ 25. Qxd1 Ne8 26. Nd5 Nxd5 27.
Qxd5 Kf8 28. Bg3 f6 29. Bf2 Qf7 30. a5 Qxd5 31. exd5 Ke7 32. axb6 axb6 33. Nxb6
Kd6 34. c4 {time} 1-0

[Event "4NCL/Div2/BARY vs. CHEDP"]
[Site "Birmingham ENG"]
[Date "2007.11.11"]
[Round "4.3"]
[White "Farrand, Julian T"]
[Black "Wallace, Paul A"]
[Result "0-1"]
[WhiteElo "2169"]
[BlackElo "2254"]
[PlyCount "44"]
[EventDate "2007.11.11"]
[EventType "team"]
[EventRounds "11"]
[EventCountry "ENG"]
[SourceDate "2007.09.15"]

1. d4 Nf6 2. Nc3 d5 3. Bg5 Bf5 4. f3 Nbd7 5. Nxd5 Nxd5 6. e4 h6 7. Bh4 c6 8.
exf5 Qb6 9. Rb1 Ne3 10. Qc1 Nxf5 11. Bf2 e5 12. Bd3 exd4 13. Bxf5 Qa5+ 14. Qd2
Qxf5 15. Bxd4 O-O-O 16. Ne2 Nb6 17. Qc3 Nd5 18. Qc4 Nf4 19. g3 Bb4+ 20. Kf2
Nxe2 21. Kxe2 Rhe8+ 22. Kf2 Rxd4 0-1

[Event "4NCL/Div2/BARY vs. CHEDP"]
[Site "Birmingham ENG"]
[Date "2007.11.11"]
[Round "4.4"]
[White "Bennett, Patrick"]
[Black "Kilpatrick, Callum"]
[Result "1/2-1/2"]
[WhiteElo "2150"]
[BlackElo "2189"]
[PlyCount "118"]
[EventDate "2007.11.11"]
[EventType "team"]
[EventRounds "11"]
[EventCountry "ENG"]
[SourceDate "2007.09.15"]

1. d4 Nf6 2. Nf3 g6 3. c4 Bg7 4. Nc3 d5 5. e3 O-O 6. Bd3 c5 7. dxc5 dxc4 8.
Bxc4 Qa5 9. O-O Qxc5 10. Qd4 Qa5 11. b4 Qh5 12. Bb2 Nc6 13. Qf4 Nxb4 14. Bxf7+
Rxf7 15. Qxb4 Bg4 16. Qxb7 Rff8 17. Qb3+ Kh8 18. Nd4 Rab8 19. Qc2 e5 20. Nb3
Rfc8 21. e4 Be6 22. Rfe1 Ng4 23. h3 Nf6 24. Qe2 Qg5 25. Qe3 Qxe3 26. Rxe3 Bxb3
27. axb3 Rxb3 28. Nd1 Rxe3 29. Nxe3 Ra8 30. f3 Nd7 31. Nc4 Kg8 32. Ra5 Rc8 33.
Rxa7 Rxc4 34. Rxd7 Rc2 35. Ba3 Ra2 36. Bc5 Rc2 37. Rd5 Bh6 38. Bf2 Rc1+ 39. Kh2
Rc2 40. Bg3 Bf4 41. Bxf4 exf4 42. Rg5 Rc6 43. Rg4 Rf6 44. h4 Kf7 45. h5 Kg7 46.
Kh3 Kh6 47. hxg6 hxg6 48. Kh4 Ra6 49. g3 fxg3 50. Rxg3 Rf6 51. Kg4 g5 52. Rg2
Kg6 53. Rd2 Rf4+ 54. Kg3 Rf6 55. Rd5 Kh6 56. e5 Rf5 57. Rd6+ Kg7 58. Rd5 Kf7
59. Kg4 Rf4+ 1/2-1/2

[Event "4NCL/Div2/BARY vs. CHEDP"]
[Site "Birmingham ENG"]
[Date "2007.11.11"]
[Round "4.5"]
[White "Hodgson, John H"]
[Black "Lamoureux, Izabelle"]
[Result "1-0"]
[WhiteElo "2207"]
[BlackElo "2084"]
[PlyCount "73"]
[EventDate "2007.11.11"]
[EventType "team"]
[EventRounds "11"]
[EventCountry "ENG"]
[SourceDate "2007.09.15"]

1. e4 c5 2. Nf3 Nc6 3. d4 cxd4 4. Nxd4 Nf6 5. Nc3 e5 6. Ndb5 d6 7. Bg5 a6 8.
Na3 b5 9. Bxf6 gxf6 10. Nd5 Bg7 11. Bd3 Ne7 12. Nxe7 Qxe7 13. c3 f5 14. Nc2 Qg5
15. Qe2 O-O 16. f3 d5 17. Nb4 dxe4 18. fxe4 Qh4+ 19. Qf2 Qg4 20. h3 Qg5 21. O-O
f4 22. Kh2 Kh8 23. a4 bxa4 24. Rxa4 a5 25. Nd5 Bb7 26. c4 Rg8 27. Be2 Bf8 28.
Bf3 Ra6 29. Rfa1 Bc5 30. Qxc5 Qg3+ 31. Kh1 Rh6 32. Ne7 Rxh3+ 33. Kg1 Qh2+ 34.
Kf1 Rxf3+ 35. gxf3 Qh1+ 36. Ke2 Qg2+ 37. Qf2 1-0

[Event "4NCL/Div2/BARY vs. CHEDP"]
[Site "Birmingham ENG"]
[Date "2007.11.11"]
[Round "4.6"]
[White "Siddall, Phillip L"]
[Black "Wells, Daniel"]
[Result "1/2-1/2"]
[WhiteElo "2155"]
[BlackElo "2024"]
[PlyCount "63"]
[EventDate "2007.11.11"]
[EventType "team"]
[EventRounds "11"]
[EventCountry "ENG"]
[SourceDate "2007.09.15"]

1. e4 c5 2. Nf3 Nc6 3. c3 Nf6 4. e5 Nd5 5. d4 cxd4 6. cxd4 d6 7. Bc4 Nb6 8. Be2
dxe5 9. dxe5 Qxd1+ 10. Bxd1 Bg4 11. O-O e6 12. Nbd2 Rd8 13. a3 Nd5 14. h3 Bh5
15. Re1 Be7 16. Nc4 O-O 17. Bg5 b5 18. Bxe7 Ndxe7 19. Nd6 Bxf3 20. Bxf3 Nxe5
21. Rxe5 Rxd6 22. Rxb5 Rd7 23. b4 Rc8 24. Rb7 Rxb7 25. Bxb7 Rc7 26. Bf3 Kf8 27.
Kf1 Nf5 28. Rd1 Ke7 29. b5 Rc3 30. a4 Rc4 31. Ra1 Nd4 32. Be2 1/2-1/2

[Event "4NCL/Div2/BARY vs. CHEDP"]
[Site "Birmingham ENG"]
[Date "2007.11.11"]
[Round "4.7"]
[White "O'Toole, George E"]
[Black "Whitfield, Craig M"]
[Result "1-0"]
[WhiteElo "1987"]
[BlackElo "1955"]
[PlyCount "109"]
[EventDate "2007.11.11"]
[EventType "team"]
[EventRounds "11"]
[EventCountry "ENG"]
[SourceDate "2007.09.15"]

1. e4 c5 2. c3 Nf6 3. e5 Nd5 4. d4 cxd4 5. cxd4 d6 6. Bc4 Nb6 7. Bb5+ Bd7 8. e6
fxe6 9. Bd3 Bc6 10. Qg4 Qc8 11. Nd2 N8d7 12. Nh3 Nf6 13. Qg5 Nbd5 14. O-O Qd7
15. Re1 g6 16. Qh4 Bg7 17. Ng5 e5 18. dxe5 dxe5 19. Ndf3 e4 20. Nxe4 Nxe4 21.
Bxe4 Bf6 22. Bg5 O-O 23. Rad1 Rad8 24. Rd2 Qc8 25. Rc1 Qe6 26. Rcd1 Rd7 27.
Bxf6 exf6 28. Nd4 Qe5 29. Nxc6 bxc6 30. Bxd5+ cxd5 31. Qa4 Rfd8 32. Rd4 Kg7 33.
h3 f5 34. Qb3 Kf6 35. Qc3 Kf7 36. Qd2 Qd6 37. Re1 Qf6 38. Re3 Qd6 39. Red3 Qe5
40. f4 Qe6 41. Re3 Qb6 42. Re5 h5 43. Kh2 Qc6 44. b4 a6 45. Re3 Rc7 46. Ra3 Rb7
47. Rc3 Qe6 48. Rc5 Rb5 49. Rc7+ Kf8 50. a4 Rb6 51. Qc3 Qf6 52. Qc5+ Ke8 53.
Rxd5 Re6 54. Rxd8+ Kxd8 55. Rc8+ 1-0

[Event "4NCL/Div2/BARY vs. CHEDP"]
[Site "Birmingham ENG"]
[Date "2007.11.11"]
[Round "4.8"]
[White "Edwards, Simon"]
[Black "Anandajeyarajah, Thilagini"]
[Result "1/2-1/2"]
[WhiteElo "2025"]
[BlackElo "1720"]
[PlyCount "66"]
[EventDate "2007.11.11"]
[EventType "team"]
[EventRounds "11"]
[EventCountry "ENG"]
[SourceDate "2007.09.15"]

1. d4 e6 2. Nf3 Nf6 3. Bg5 c5 4. e3 b6 5. Nbd2 Bb7 6. Bd3 Be7 7. O-O O-O 8. Re1
d6 9. c3 cxd4 10. exd4 Nbd7 11. Qc2 Re8 12. Rad1 a6 13. h3 Rc8 14. Bf4 Nf8 15.
a3 Ng6 16. Bxg6 hxg6 17. Ng5 Nd5 18. Nxe6 fxe6 19. Bg3 Bh4 20. Qxg6 Bxg3 21.
Qxg3 Nf6 22. Re3 Rc7 23. Rde1 Rce7 24. Nc4 Ne4 25. Qg6 b5 26. f3 bxc4 27. fxe4
Rf7 28. e5 dxe5 29. Rxe5 Qh4 30. R1e2 Qf4 31. Qb1 Qh4 32. Qg6 Qf4 33. Qb1 Qh4
1/2-1/2

[Event "4NCL/Div2/GUI3 vs. KHE"]
[Site "Birmingham ENG"]
[Date "2007.11.11"]
[Round "4.1"]
[White "Tymrakiewicz, Rafal"]
[Black "Kwiatkowski, Feliks J"]
[Result "1-0"]
[WhiteElo "2252"]
[BlackElo "2237"]
[PlyCount "209"]
[EventDate "2007.11.11"]
[EventType "team"]
[EventRounds "11"]
[EventCountry "ENG"]
[SourceDate "2007.09.15"]

1. d4 Nf6 2. Nf3 e6 3. Bg5 h6 4. Bh4 c5 5. e3 Be7 6. Nbd2 b6 7. Bd3 Bb7 8. c3
cxd4 9. exd4 d6 10. Qe2 Nbd7 11. a4 a6 12. O-O O-O 13. Bg3 Nh5 14. Rae1 Re8 15.
Bb1 Qc7 16. Nh4 Bxh4 17. Qxh5 Be7 18. Bf4 Nf6 19. Qh3 Bf8 20. Nf3 Bc8 21. Qh4
Qd8 22. Re2 Nd5 23. Qg3 Nxf4 24. Qxf4 Bb7 25. Rfe1 Qd7 26. b3 b5 27. axb5 axb5
28. Nd2 Be7 29. h4 Qd8 30. h5 Qc7 31. Qg3 Rac8 32. c4 bxc4 33. bxc4 Bf6 34. d5
e5 35. Re4 Bg5 36. Nf3 f5 37. R4e2 Qf7 38. Nxg5 hxg5 39. Qxg5 Rxc4 40. Bxf5
Bxd5 41. Bg6 Qe7 42. Qxe7 Rxe7 43. Rd2 Rc5 44. Rb1 Rb7 45. Rxb7 Bxb7 46. Rxd6
Kf8 47. Rd7 Bd5 48. Kh2 Be6 49. Ra7 Rd5 50. f3 Rd7 51. Rxd7 Bxd7 52. g4 Be6 53.
Kg3 Ke7 54. g5 Bd7 55. Kf2 Bc6 56. Ke3 Kf8 57. Kf2 Ke7 58. Kg3 Bd7 59. Bd3 Be6
60. Bf1 Bf7 61. Kh4 Bd5 62. Be2 Kf7 63. Kg4 Be6+ 64. Kg3 Ke7 65. Bd3 Kf7 66.
Bf1 Kf8 67. Bh3 Bd5 68. Bd7 Kf7 69. Bc8 Ke7 70. Kg4 Kf7 71. Bf5 Bc6 72. Kg3 Bd5
73. Bg4 Ke7 74. Kf2 Bc6 75. Ke2 Bb7 76. Kd3 Bd5 77. Kc3 Bc6 78. Kc4 Bb7 79. Kc5
Ba8 80. Kb4 Bb7 81. Kc4 Bc6 82. Kd3 Bd5 83. Ke2 Bc4+ 84. Kf2 Bd5 85. Kg3 Kf7
86. Bf5 Ke7 87. Be4 Be6 88. Kh4 Kf7 89. Bh7 Bd5 90. Bg6+ Kg8 91. Kg4 Be6+ 92.
Bf5 Bd5 93. g6 Kh8 94. Be4 Be6+ 95. Kg5 Bd7 96. Bf5 Bb5 97. Be6 Bd3 98. Bd5 Bc2
99. Be4 Ba4 100. Kf5 Kg8 101. Kxe5 Kf8 102. Kf5 Bd7+ 103. Kg5 Kg8 104. f4 Kh8
105. f5 1-0

[Event "4NCL/Div2/GUI3 vs. KHE"]
[Site "Birmingham ENG"]
[Date "2007.11.11"]
[Round "4.2"]
[White "Okike, David C"]
[Black "Anderton, Matthew N"]
[Result "0-1"]
[WhiteElo "2183"]
[BlackElo "2233"]
[PlyCount "98"]
[EventDate "2007.11.11"]
[EventType "team"]
[EventRounds "11"]
[EventCountry "ENG"]
[SourceDate "2007.09.15"]

1. e4 e6 2. d4 d5 3. Nc3 Bb4 4. e5 c5 5. a3 Bxc3+ 6. bxc3 Qc7 7. Qg4 Ne7 8.
Qxg7 Rg8 9. Qxh7 cxd4 10. Ne2 Nbc6 11. f4 Bd7 12. Rb1 dxc3 13. h4 O-O-O 14. Qd3
Nf5 15. Rh3 d4 16. Kf2 Nce7 17. Rb4 Nd5 18. Rc4 Bc6 19. Ng3 Nfe3 20. Rxd4 Ng4+
21. Ke1 Qb6 22. Ne2 Bb5 23. Qe4 f5 24. exf6 Ndxf6 25. Rxc3+ Kb8 26. Rxd8+ Rxd8
27. Be3 Nxe4 28. Bxb6 axb6 29. Rh3 Nef2 30. Nc3 Bxf1 31. Rg3 Bc4 32. h5 Rh8 33.
Nd1 Nxd1 34. Kxd1 Nf6 35. Rg6 Nxh5 36. g3 Rf8 37. Kd2 Nf6 38. Ke3 Kc7 39. Kd4
b5 40. a4 Kd6 41. axb5 Bxb5 42. c4 Be8 43. Rg7 b6 44. Rb7 Nd7 45. Ke3 Rg8 46.
Kf2 Bg6 47. g4 Be4 48. Ra7 Rxg4 49. Ke3 Rg3+ 0-1

[Event "4NCL/Div2/GUI3 vs. KHE"]
[Site "Birmingham ENG"]
[Date "2007.11.11"]
[Round "4.3"]
[White "Richardson, Keith B"]
[Black "McMichael, Richard"]
[Result "0-1"]
[WhiteElo "2239"]
[BlackElo "2255"]
[PlyCount "116"]
[EventDate "2007.11.11"]
[EventType "team"]
[EventRounds "11"]
[EventCountry "ENG"]
[SourceDate "2007.09.15"]

1. c4 e6 2. g3 d5 3. Bg2 c6 4. Qc2 Bd6 5. Nf3 Nf6 6. O-O O-O 7. d4 Ne4 8. Nc3
f5 9. Bf4 Bxf4 10. gxf4 Bd7 11. e3 Be8 12. Ne5 Nd7 13. f3 Nef6 14. Rae1 Nh5 15.
b3 Rf6 16. Qf2 Rh6 17. Ne2 Rc8 18. Rc1 Kh8 19. Kh1 Rc7 20. Rg1 Nf8 21. Bf1 Ng6
22. Nxg6+ Bxg6 23. Rg5 Nf6 24. Ng3 Rf7 25. Bd3 dxc4 26. bxc4 c5 27. d5 exd5 28.
Nxf5 Rh5 29. Rcg1 Qd7 30. e4 Bxf5 31. exf5 d4 32. Re1 Rh6 33. Re6 Ng8 34. Re5
b6 35. Rg1 Rhf6 36. Rge1 Rf8 37. Re6 Qf7 38. R1e5 Qh5 39. Qg3 Qf7 40. Qf2 Rxe6
41. Rxe6 Qh5 42. Qg3 Re8 43. Qg4 Qf7 44. Qh4 Nf6 45. Qe1 Qh5 46. Kg2 Rf8 47.
Qg3 Qf7 48. Qe1 Qc7 49. Qh4 a6 50. Kg1 b5 51. Rxa6 bxc4 52. Bxc4 Qb7 53. Qf2
Nd5 54. Re6 Nxf4 55. Qe1 Qxf3 56. Bf1 Nxe6 57. fxe6 Re8 58. e7 Qf7 0-1

[Event "4NCL/Div2/GUI3 vs. KHE"]
[Site "Birmingham ENG"]
[Date "2007.11.11"]
[Round "4.4"]
[White "Lewis, Alex"]
[Black "Shepley, Julien M"]
[Result "1/2-1/2"]
[WhiteElo "2173"]
[BlackElo "2110"]
[PlyCount "45"]
[EventDate "2007.11.11"]
[EventType "team"]
[EventRounds "11"]
[EventCountry "ENG"]
[SourceDate "2007.09.15"]

1. e4 d5 2. exd5 Qxd5 3. Nf3 Bg4 4. Be2 Nf6 5. d4 e6 6. c4 Qh5 7. Ne5 Bxe2 8.
Qxe2 Bb4+ 9. Bd2 Qxe2+ 10. Kxe2 Bxd2 11. Nxd2 Nbd7 12. f4 c5 13. Ndf3 cxd4 14.
Nxd7 d3+ 15. Kxd3 Nxd7 16. Rhd1 h6 17. b4 O-O-O 18. Ke3 Rhe8 19. Rac1 e5 20.
fxe5 Nxe5 21. Rxd8+ Kxd8 22. Nxe5 Rxe5+ 23. Kf3 1/2-1/2

[Event "4NCL/Div2/GUI3 vs. KHE"]
[Site "Birmingham ENG"]
[Date "2007.11.11"]
[Round "4.5"]
[White "Taylor, Mark"]
[Black "Thomas, Richard H"]
[Result "1/2-1/2"]
[WhiteElo "2150"]
[BlackElo "2185"]
[PlyCount "107"]
[EventDate "2007.11.11"]
[EventType "team"]
[EventRounds "11"]
[EventCountry "ENG"]
[SourceDate "2007.09.15"]

1. d4 g6 2. e4 Bg7 3. Nf3 d6 4. Be2 c6 5. O-O Nf6 6. Nbd2 O-O 7. c3 b6 8. Re1
Bb7 9. Bf1 c5 10. d5 a6 11. a4 Nbd7 12. Bc4 Ne5 13. Nxe5 dxe5 14. b4 cxb4 15.
cxb4 Ne8 16. Bb2 Nd6 17. Bb3 Qd7 18. Rc1 Rfc8 19. Qe2 Rxc1 20. Rxc1 Rc8 21. Nc4
Nxc4 22. Rxc4 Kf8 23. h3 Ke8 24. Bc1 Kd8 25. Be3 Rxc4 26. Qxc4 Qc7 27. Qd3 Bc8
28. Bc4 Qb7 29. a5 b5 30. Bb3 Bd7 31. Qc3 Bf6 32. Bb6+ Ke8 33. Qc5 h5 34. Bc7
Bg7 35. Qc3 f6 36. Bb6 Qc8 37. Bc5 Kf8 38. Qg3 g5 39. Qd3 Qe8 40. Bd1 Bh6 41.
d6 e6 42. Qf3 Kg7 43. Qxh5 Qxh5 44. Bxh5 f5 45. Bf3 f4 46. g3 Kf6 47. gxf4 gxf4
48. h4 Kg6 49. Kh2 Bg7 50. Bg4 Bf6 51. Kh3 Kh6 52. Bb6 Kg6 53. Be2 Kh6 54. Bg4
1/2-1/2

[Event "4NCL/Div2/GUI3 vs. KHE"]
[Site "Birmingham ENG"]
[Date "2007.11.11"]
[Round "4.6"]
[White "Mackenzie, Colin"]
[Black "Hill, David F"]
[Result "0-1"]
[WhiteElo "2139"]
[BlackElo "2059"]
[PlyCount "116"]
[EventDate "2007.11.11"]
[EventType "team"]
[EventRounds "11"]
[EventCountry "ENG"]
[SourceDate "2007.09.15"]

1. c4 e5 2. g3 Nf6 3. Bg2 d5 4. cxd5 Nxd5 5. Nc3 Nb6 6. Nf3 Nc6 7. O-O Be7 8.
d3 O-O 9. a3 Be6 10. b4 f6 11. Be3 Nd4 12. Bxd4 exd4 13. Nb5 c5 14. bxc5 Bxc5
15. Rc1 Qe7 16. Nfxd4 Bf7 17. Nf5 Qe5 18. d4 Qxf5 19. dxc5 Nc4 20. Nd6 Nxd6 21.
Qxd6 Rfd8 22. Qf4 Qxf4 23. gxf4 Bd5 24. e4 Bc6 25. Rfd1 Rac8 26. Bh3 Rxd1+ 27.
Rxd1 Re8 28. f3 Kf7 29. Kf2 Ke7 30. Rd6 Rd8 31. e5 Rf8 32. Rd3 h5 33. e6 f5 34.
Rd6 Rf6 35. Bf1 Rxe6 36. Rxe6+ Kxe6 37. Bc4+ Bd5 38. Bd3 g6 39. Ke3 Bb3 40. Kd4
Bd5 41. Bc4 Bxc4 42. Kxc4 h4 43. h3 Kd7 44. Kd5 a6 45. a4 Kc7 46. Ke6 Kc6 47.
Kf6 Kxc5 48. Kxg6 b5 49. axb5 a5 50. Kxf5 a4 51. Ke6 a3 52. f5 a2 53. f6 a1=Q
54. f7 Qg7 55. Ke7 Qe5+ 56. Kd8 Qf6+ 57. Ke8 Qe6+ 58. Kf8 Qxh3 0-1

[Event "4NCL/Div2/GUI3 vs. KHE"]
[Site "Birmingham ENG"]
[Date "2007.11.11"]
[Round "4.7"]
[White "Dreczkowski, Ryszard"]
[Black "Compton, Alistair"]
[Result "1/2-1/2"]
[WhiteElo "2039"]
[BlackElo "2139"]
[PlyCount "64"]
[EventDate "2007.11.11"]
[EventType "team"]
[EventRounds "11"]
[EventCountry "ENG"]
[SourceDate "2007.09.15"]

1. c4 e6 2. g3 d5 3. Bg2 c5 4. Nf3 Nc6 5. O-O Nf6 6. cxd5 exd5 7. d4 Be7 8. Nc3
O-O 9. Bf4 c4 10. Re1 Re8 11. Nb5 Nh5 12. Qc1 a6 13. Nc3 Nxf4 14. Qxf4 Be6 15.
Red1 b5 16. e4 Nb4 17. Ne5 f6 18. Nf3 Nd3 19. Qd2 dxe4 20. Nxe4 Bd5 21. Nc3 Bb4
22. a3 Bxc3 23. bxc3 Qd6 24. Ne1 Bxg2 25. Kxg2 Nxe1+ 26. Rxe1 Rxe1 27. Qxe1
Qc6+ 28. f3 Re8 29. Qd2 Qe6 30. Kf2 Qh3 31. Kg1 Qe6 32. Kf2 Qh3 1/2-1/2

[Event "4NCL/Div2/PPA1 vs. WRO"]
[Site "Birmingham ENG"]
[Date "2007.11.11"]
[Round "4.1"]
[White "Swanson, Stephen"]
[Black "Gourlay, Iain"]
[Result "1/2-1/2"]
[WhiteElo "2248"]
[BlackElo "2349"]
[PlyCount "73"]
[EventDate "2007.11.11"]
[EventType "team"]
[EventRounds "11"]
[EventCountry "ENG"]
[SourceDate "2007.09.15"]

1. e4 c5 2. Nf3 e6 3. d3 Nc6 4. g3 g6 5. Bg2 Bg7 6. O-O Nge7 7. c3 O-O 8. Re1
e5 9. Be3 b6 10. d4 exd4 11. cxd4 d5 12. exd5 Nxd5 13. Bg5 f6 14. Bc1 Kh8 15.
Nc3 Nxc3 16. bxc3 Bg4 17. Qa4 Rc8 18. Be3 cxd4 19. cxd4 Qd7 20. d5 Ne5 21. Qxd7
Nxf3+ 22. Bxf3 Bxd7 23. Rac1 Rxc1 24. Rxc1 Rc8 25. Rxc8+ Bxc8 26. Be2 Kg8 27.
Bf4 f5 28. Bb5 Kf7 29. Kf1 Ke7 30. Ke2 Bd4 31. d6+ Ke6 32. Bc4+ Kf6 33. h4 Bd7
34. Bg5+ Ke5 35. Bf4+ Kf6 36. Bg5+ Ke5 37. Bf4+ 1/2-1/2

[Event "4NCL/Div2/PPA1 vs. WRO"]
[Site "Birmingham ENG"]
[Date "2007.11.11"]
[Round "4.2"]
[White "Kaid, Almar"]
[Black "Posazhennikov, Alex"]
[Result "1/2-1/2"]
[WhiteElo "2271"]
[BlackElo "2226"]
[PlyCount "77"]
[EventDate "2007.11.11"]
[EventType "team"]
[EventRounds "11"]
[EventCountry "ENG"]
[SourceDate "2007.09.15"]

1. c4 e6 2. g3 Nf6 3. Bg2 d5 4. Nf3 c6 5. O-O Bd6 6. d4 O-O 7. Nc3 Nbd7 8. Qd3
Re8 9. Bg5 h6 10. Bxf6 Qxf6 11. Nd2 Bf8 12. Rab1 dxc4 13. Nxc4 e5 14. Rbd1 exd4
15. Qxd4 Bc5 16. Qxf6 Nxf6 17. Nd6 Bxd6 18. Rxd6 Bg4 19. Rd2 a5 20. h3 Be6 21.
Rfd1 Kf8 22. e4 Ke7 23. f4 Red8 24. e5 Ne8 25. Kf2 Rxd2+ 26. Rxd2 Rd8 27. Rxd8
Kxd8 28. Ke3 Kc7 29. g4 g6 30. a3 Ng7 31. Ne4 Ne8 32. Bf1 b6 33. Ng3 Kd8 34.
Bg2 c5 35. f5 gxf5 36. gxf5 Bb3 37. Ne4 Nc7 38. Nf6 b5 39. Ng8 1/2-1/2

[Event "4NCL/Div2/PPA1 vs. WRO"]
[Site "Birmingham ENG"]
[Date "2007.11.11"]
[Round "4.3"]
[White "Harley, Andrew"]
[Black "Barrett, Steve J"]
[Result "1/2-1/2"]
[WhiteElo "2219"]
[BlackElo "2254"]
[PlyCount "55"]
[EventDate "2007.11.11"]
[EventType "team"]
[EventRounds "11"]
[EventCountry "ENG"]
[SourceDate "2007.09.15"]

1. e4 c5 2. c3 d5 3. exd5 Qxd5 4. d4 Nc6 5. Nf3 cxd4 6. cxd4 e5 7. Nc3 Bb4 8.
Bd2 Bxc3 9. Bxc3 e4 10. Ne5 Nxe5 11. dxe5 Ne7 12. Be2 O-O 13. O-O Qe6 14. Qa4
Qg6 15. Rfd1 Nc6 16. f4 Bh3 17. Bf1 Rad8 18. Rxd8 Rxd8 19. Rd1 Rxd1 20. Qxd1 h5
21. b4 Bg4 22. Qd2 Qe6 23. b5 Ne7 24. Qd8+ Kh7 25. Qd4 Qb6 26. Qxb6 axb6 27.
Bd4 Be6 28. a3 1/2-1/2

[Event "4NCL/Div2/PPA1 vs. WRO"]
[Site "Birmingham ENG"]
[Date "2007.11.11"]
[Round "4.4"]
[White "Gayson, Peter M"]
[Black "Morgan, Ben"]
[Result "1-0"]
[WhiteElo "2232"]
[BlackElo "2233"]
[PlyCount "59"]
[EventDate "2007.11.11"]
[EventType "team"]
[EventRounds "11"]
[EventCountry "ENG"]
[SourceDate "2007.09.15"]

1. e4 c5 2. Nf3 Nc6 3. Nc3 g6 4. d4 cxd4 5. Nxd4 Bg7 6. Be3 Nf6 7. Bc4 Qa5 8.
O-O O-O 9. Bb3 d6 10. h3 Bd7 11. f4 Qh5 12. Qxh5 Nxh5 13. Rad1 Nxd4 14. Bxd4
Bc6 15. Nd5 Rae8 16. g4 Nf6 17. Nxf6+ Bxf6 18. Bxf6 exf6 19. Rfe1 Bxe4 20. Rxd6
f5 21. Rd7 Rd8 22. Red1 Rc8 23. c3 fxg4 24. hxg4 Rc5 25. Re1 Bc6 26. Rc7 h5 27.
Ree7 hxg4 28. Bxf7+ Kh8 29. Bd5 Rd8 30. Rh7# 1-0

[Event "4NCL/Div2/PPA1 vs. WRO"]
[Site "Birmingham ENG"]
[Date "2007.11.11"]
[Round "4.5"]
[White "Borman, Philip J"]
[Black "Potts, Alan W"]
[Result "1/2-1/2"]
[WhiteElo "2214"]
[BlackElo "2262"]
[PlyCount "35"]
[EventDate "2007.11.11"]
[EventType "team"]
[EventRounds "11"]
[EventCountry "ENG"]
[SourceDate "2007.09.15"]

1. d4 d6 2. Nf3 g6 3. e4 Bg7 4. Nc3 a6 5. Be3 b5 6. Bd3 Bb7 7. O-O Nd7 8. a4 b4
9. Ne2 Ngf6 10. Ng3 e6 11. c3 a5 12. Qd2 bxc3 13. bxc3 O-O 14. Bg5 e5 15. Rab1
Qc8 16. h3 Re8 17. Rfe1 Ra7 18. d5 1/2-1/2

[Event "4NCL/Div2/PPA1 vs. WRO"]
[Site "Birmingham ENG"]
[Date "2007.11.11"]
[Round "4.6"]
[White "Adams, David M"]
[Black "Byway, Paul"]
[Result "1/2-1/2"]
[WhiteElo "2218"]
[BlackElo "2167"]
[PlyCount "88"]
[EventDate "2007.11.11"]
[EventType "team"]
[EventRounds "11"]
[EventCountry "ENG"]
[SourceDate "2007.09.15"]

1. e4 c5 2. Nf3 e6 3. d3 d5 4. Qe2 Nf6 5. e5 Nfd7 6. g3 Nc6 7. Bg2 Qc7 8. Bf4
Nd4 9. Nxd4 cxd4 10. O-O Nb6 11. c3 dxc3 12. Nxc3 Bb4 13. Qg4 O-O 14. Rac1 Bxc3
15. Rxc3 Qd7 16. Rfc1 Qa4 17. Qe2 Bd7 18. b3 Qb4 19. Bd2 Qe7 20. Be3 Rfc8 21.
Bc5 Qd8 22. h4 Bc6 23. d4 Qe8 24. a4 Nd7 25. Ba3 Nf8 26. h5 h6 27. g4 Bd7 28.
Rg3 Nh7 29. f4 Rxc1+ 30. Bxc1 Rc8 31. Bd2 Qe7 32. g5 hxg5 33. fxg5 g6 34. Qg4
Rc2 35. Qd1 Rc8 36. Bf1 Be8 37. Bd3 Qa3 38. Qg4 Nf8 39. hxg6 fxg6 40. Qf4 Rc7
41. Be2 Qa1+ 42. Kg2 Rh7 43. Rh3 Rxh3 44. Kxh3 Qb1 1/2-1/2

[Event "4NCL/Div2/PPA1 vs. WRO"]
[Site "Birmingham ENG"]
[Date "2007.11.11"]
[Round "4.7"]
[White "Rosen, Daniel B"]
[Black "Burnett, Jim"]
[Result "1/2-1/2"]
[WhiteElo "2127"]
[BlackElo "2190"]
[PlyCount "68"]
[EventDate "2007.11.11"]
[EventType "team"]
[EventRounds "11"]
[EventCountry "ENG"]
[SourceDate "2007.09.15"]

1. e4 e6 2. d4 d5 3. Nc3 Bb4 4. Nge2 dxe4 5. a3 Be7 6. Nxe4 Nf6 7. Qd3 O-O 8.
Bf4 Nbd7 9. O-O-O c5 10. Nxc5 Nxc5 11. dxc5 Qxd3 12. Rxd3 Bxc5 13. f3 b6 14.
Nc3 Bb7 15. Be2 Rfe8 16. Rdd1 h6 17. Be5 Nd5 18. Bb5 Red8 19. Nxd5 Bxd5 20. Kb1
a6 21. Be2 b5 22. Bc7 Rdc8 23. Be5 f6 24. Bd4 Bd6 25. Bd3 Kf7 26. h3 Rab8 27.
Rhe1 a5 28. Be4 Bg3 29. Re2 Bxe4 30. Rxe4 Rd8 31. Rd3 e5 32. Bc3 Rxd3 33. cxd3
a4 34. Kc2 Bf2 1/2-1/2

[Event "4NCL/Div2/PPA1 vs. WRO"]
[Site "Birmingham ENG"]
[Date "2007.11.11"]
[Round "4.8"]
[White "Mohammed, Mursal"]
[Black "Bentley, Emma"]
[Result "1-0"]
[WhiteElo "1940"]
[BlackElo "1605"]
[PlyCount "119"]
[EventDate "2007.11.11"]
[EventType "team"]
[EventRounds "11"]
[EventCountry "ENG"]
[SourceDate "2007.09.15"]

1. e4 e5 2. Nf3 Nc6 3. Bc4 Bc5 4. d3 h6 5. c3 d6 6. d4 exd4 7. cxd4 Bb4+ 8. Bd2
Bxd2+ 9. Nbxd2 Bg4 10. h3 Bh5 11. Qb3 Rb8 12. O-O Nge7 13. a3 a6 14. Qc3 d5 15.
exd5 Nxd5 16. Rfe1+ Nce7 17. Bxd5 Qxd5 18. Qxc7 Qd8 19. Rxe7+ Kf8 20. Rc1 Kg8
21. Qxd8+ Rxd8 22. Rxb7 Kh7 23. g4 Bg6 24. Rcc7 Rb8 25. Ne5 Rxb7 26. Rxb7 f6
27. Nd7 Be8 28. Nxf6+ Kg6 29. Nxe8 Rxe8 30. Nf3 Rd8 31. h4 Kf6 32. Rb6+ Ke7 33.
Rxa6 Rb8 34. b4 Rc8 35. b5 Rb8 36. a4 Rb7 37. b6 Kd8 38. Ra8+ Kd7 39. Ne5+ Kd6
40. Rd8+ Ke7 41. Rd7+ Rxd7 42. Nxd7 Kxd7 43. a5 Kc8 44. a6 g6 45. d5 g5 46. d6
gxh4 47. d7+ Kxd7 48. a7 Kc6 49. a8=Q+ Kxb6 50. Qd5 h3 51. f4 Kc7 52. f5 Kb6
53. Qc4 Ka5 54. Qb3 h5 55. gxh5 Ka6 56. f6 Ka5 57. f7 Ka6 58. f8=Q h2+ 59. Kxh2
Ka7 60. Qfa3# 1-0